000 00294nam a2200121Ia 4500
008 240112s1975 xx 000 0 und d
041 _aeng
082 _a616.3403
100 _aSCHWARTZ T.
245 _aTHE YEAR BOOK OF ENDOCRINOLOGY
260 _bTHE Y/B MED. PUB
_c1975
300 _a424,HB
999 _c1142320
_d1142320